000 00270nam a22001217a 4500
008 170224b xxu||||| |||| 00| 0 eng d
041 _aeng
080 _a617
100 _a5
101 _aSHS
245 _aREDO CARDIAC SURGERY IN ADULTS
_cMACHIRAJU.V,V
942 _2udc
_cBK
999 _c6199
_d6199